Švédská azylová a migrační politika model téměř ideální

Alternatívne spôsoby spolupráce v medzinárodnej politike. Švédska migračná a azylová politika. Migrácia ako téma zahraničnej rozvojovej spolupráce. Migrácia pracovných síl. Perspektívy pre budúcnosť.

Guardado en:
Detalles Bibliográficos
Autor principal: Pošvářová, Jaroslava
Formato: Capítulo de libro
Lenguaje:checo
Materias:
Etiquetas: Agregar Etiqueta
Sin Etiquetas, Sea el primero en etiquetar este registro!

MARC

LEADER 00000naa$a2200000$$$4500
001 0106897
005 20231016093715.9
041 0 |a cze 
044 |a CZ 
245 1 0 |a Švédská azylová a migrační politika  |b model téměř ideální  |c Jaroslava Pošvářová 
520 |a Alternatívne spôsoby spolupráce v medzinárodnej politike. Švédska migračná a azylová politika. Migrácia ako téma zahraničnej rozvojovej spolupráce. Migrácia pracovných síl. Perspektívy pre budúcnosť. 
610 2 0 |a politika azylová 
610 2 0 |a politika zahraničná 
610 2 0 |a migrácia 
610 2 0 |a pohyb síl pracovných medzinárodný 
610 2 0 |a spolupráca medzinárodná 
610 2 0 |a pomoc rozvojová 
610 2 0 |a štát sociálny 
610 2 0 |a Švédsko 
100 1 |a Pošvářová, Jaroslava